| 000 | 00642cam a2200193 4500 | ||
|---|---|---|---|
| 001 | D15310 | ||
| 008 | 090401t1979 xxu||||| |||| 00| 0 eng d | ||
| 035 | _a(Sirsi) u21819 | ||
| 041 | _aeng | ||
| 050 | _a711.1 | ||
| 110 |
_aRoyal Institution of Chartered Surveyors _bPlanning and Development Division _9956 |
||
| 245 | _aDevelopment implementation - the effective use of development briefs. Planning and Development Division Study Day, held at the RICS, Great George St. Tues. 30th Januray 1979 | ||
| 260 |
_bRICS _c1979 |
||
| 300 | _a2 papers | ||
| 350 | _a0 | ||
| 520 | _aFiled in box 1979/2 ABC | ||
| 942 | _n0 | ||
| 948 | _c04/03/1997 | ||
| 999 |
_c88070 _d88070 |
||